[Event "Riga Tech Rapid op"]
[Site "Riga"]
[Date "2023.08.06"]
[Round "9"]
[White "Dahl, Max"]
[Black "Tokranovs, Dmitrijs"]
[Result "1-0"]
[WhiteElo "2175"]
[BlackElo "2214"]
[PlyCount "109"]
[EventDate "2023.08.06"]
[EventType "swiss (rapid)"]
[EventRounds "9"]
[EventCountry "LAT"]
[SourceTitle "CBM 215 Extra"]
[Source "ChessBase"]
[SourceDate "2023.09.30"]
[SourceVersion "1"]
[SourceVersionDate "2023.09.30"]
[SourceQuality "1"]

1. d4 Nf6 2. Nf3 c5 3. c3 e6 4. Bf4 b6 5. e3 Bb7 6. Nbd2 Be7 7. Nc4 0-0 8. Be2 Ne4 9. h3 d6 10. 0-0 b5 11. Ncd2 a6 12. Nxe4 Bxe4 13. Nd2 Bc6 14. Bf3 Qb6 15. Bh2 Nd7 16. Bxc6 Qxc6 17. Qf3 d5 18. Rad1 Rac8 19. e4 cxd4 20. exd5 Qxd5 21. Qxd5 exd5 22. Nb1 Bf6 23. cxd4 Rc4 24. Nc3 Nb6 25. Bd6 Rd8 26. Bc5 Na4 27. Nxa4 Rxa4 28. a3 Rc4 29. Rfe1 Rc2 30. b4 g6 31. Rd3 Rc4 32. g3 Kg7 33. Kg2 h6 34. Kf3 Rc2 35. Re2 Rc1 36. Ra2 Rd7 37. a4 g5 38. axb5 axb5 39. Ra5 Rb7 40. Rda3 Rh1 41. Ra7 Rxa7 42. Rxa7 Rxh3 43. Kg2 g4 44. Rb7 Rh5 45. Rxb5 Rf5 46. Rb7 Rf3 47. b5 Rd3 48. Rd7 Rd2 49. Rxd5 Bg5 50. Kf1 Rb2 51. b6 Bd2 52. Rd7 Kf6 53. b7 Ke6 54. Rd6+ Kf5 55. Rb6 1-0

[Event "Lvov Tradition IM 10"]
[Site "Lvov"]
[Date "2018.10.26"]
[Round "5"]
[White "Nester, Ihor"]
[Black "Tokranovs, Dmitrijs"]
[Result "1-0"]
[WhiteElo "2329"]
[BlackElo "2332"]
[PlyCount "59"]
[EventDate "2018.10.24"]
[EventType "tourn"]
[EventRounds "9"]
[EventCountry "UKR"]
[EventCategory "1"]
[SourceTitle "CBM 187 Extra"]
[Source "ChessBase"]
[SourceDate "2018.11.04"]
[SourceVersion "1"]
[SourceVersionDate "2018.11.04"]
[SourceQuality "1"]

1. Nf3 d5 2. d4 Nf6 3. c4 dxc4 4. e3 a6 5. Bxc4 b5 6. Bb3 Bb7 7. 0-0 e6 8. a4 Nbd7 9. Qe2 c5 10. Nbd2 c4 11. Bc2 Be7 12. e4 h6 13. e5 Nd5 14. Ne4 Qb6 15. Bd2 Nb4 16. Bb1 Nb8 17. Ng3 N8c6 18. axb5 axb5 19. Rxa8+ Bxa8 20. Nh5 g6 21. Nf6+ Bxf6 22. exf6 g5 23. Be4 Qd8 24. Ra1 Nd3 25. d5 g4 26. dxc6 gxf3 27. Qxf3 Ne5 28. Qh5 Nxc6 29. Qc5 Kd7 30. Bxc6+ 1-0

[Event "Lvov Tradition IM 10"]
[Site "Lvov"]
[Date "2018.10.25"]
[Round "3"]
[White "Czerw, Dawid"]
[Black "Tokranovs, Dmitrijs"]
[Result "1/2-1/2"]
[WhiteElo "2286"]
[BlackElo "2332"]
[PlyCount "39"]
[EventDate "2018.10.24"]
[EventType "tourn"]
[EventRounds "9"]
[EventCountry "UKR"]
[EventCategory "1"]
[SourceTitle "CBM 187 Extra"]
[Source "ChessBase"]
[SourceDate "2018.11.04"]
[SourceVersion "1"]
[SourceVersionDate "2018.11.04"]
[SourceQuality "1"]

1. d4 d5 2. c4 dxc4 3. e4 e5 4. Nf3 exd4 5. Bxc4 Bb4+ 6. Nbd2 c5 7. 0-0 Bxd2 8. Bxd2 Nc6 9. Qb3 Qc7 10. Qa3 Qb6 11. Rac1 Bg4 12. Bd5 Bxf3 13. Qxf3 Nf6 14. Bh6 0-0 15. Qg3 Ne8 16. Bg5 Nc7 17. Bh6 Ne8 18. Bg5 Nc7 19. Bh6 Ne8 20. Bg5 1/2-1/2

[Event "Lvov Tradition IM 10"]
[Site "Lvov"]
[Date "2018.10.24"]
[Round "1"]
[White "Mosesov, Danylo"]
[Black "Tokranovs, Dmitrijs"]
[Result "1-0"]
[WhiteElo "2284"]
[BlackElo "2332"]
[PlyCount "95"]
[EventDate "2018.10.24"]
[EventType "tourn"]
[EventRounds "9"]
[EventCountry "UKR"]
[EventCategory "1"]
[SourceTitle "CBM 187 Extra"]
[Source "ChessBase"]
[SourceDate "2018.11.04"]
[SourceVersion "1"]
[SourceVersionDate "2018.11.04"]
[SourceQuality "1"]

1. Nf3 d5 2. c4 d4 3. b4 c5 4. g3 cxb4 5. a3 bxa3 6. Bxa3 Nc6 7. Bg2 e5 8. Bxf8 Kxf8 9. 0-0 g6 10. d3 Kg7 11. Nbd2 Nge7 12. Qa4 Qc7 13. Rfb1 Rd8 14. Ne4 Rb8 15. h3 h6 16. g4 b6 17. Qa3 a5 18. Rc1 Be6 19. Rab1 f5 20. gxf5 gxf5 21. Ng3 Ng6 22. Rb5 Nb4 23. h4 Bd7 24. h5 e4 25. dxe4 fxe4 26. Nxd4 Nf4 27. Ndf5+ Bxf5 28. Nxf5+ Kh7 29. Bxe4 Nxe2+ 30. Kf1 Qf4 31. Nd6+ Kg8 32. Kxe2 Qxd6 33. Rg1+ Kh8 34. Qb2+ Qd4 35. Qxd4+ Rxd4 36. Ke3 Rxc4 37. Rg6 Rc5 38. Rxh6+ Kg7 39. Rh7+ Kf6 40. Rxc5 bxc5 41. h6 Kg5 42. f4+ Kh5 43. f5 Rb6 44. Kf4 a4 45. Rh8 a3 46. h7 Kh6 47. Ra8 Kxh7 48. f6+ 1-0

[Event "LAT-chT"]
[Site "Riga"]
[Date "2018.09.08"]
[Round "4.3"]
[White "Agafonov, Yuri"]
[Black "Tokranovs, Dmitrijs"]
[Result "0-1"]
[WhiteElo "2124"]
[BlackElo "2272"]
[PlyCount "112"]
[EventDate "2018.06.09"]
[EventType "team-tourn"]
[EventRounds "11"]
[EventCountry "LAT"]
[SourceTitle "EXT 2019"]
[Source "ChessBase"]
[SourceDate "2018.10.10"]
[SourceVersion "1"]
[SourceVersionDate "2018.10.10"]
[SourceQuality "1"]
[WhiteTeam "Olaine"]
[BlackTeam "Rigas Saha School"]
[WhiteTeamCountry "LAT"]
[BlackTeamCountry "LAT"]

1. c4 Nf6 2. g3 e6 3. Bg2 d5 4. Nf3 Be7 5. 0-0 0-0 6. b3 c5 7. cxd5 Nxd5 8. Bb2 Nc6 9. Nc3 Bf6 10. Qc1 b6 11. Rd1 Ba6 12. d3 Rc8 13. Nxd5 exd5 14. Bxf6 Qxf6 15. Qf4 Qxf4 16. gxf4 d4 17. a3 Rfe8 18. Rd2 f6 19. b4 Ne7 20. bxc5 bxc5 21. Rc2 Ng6 22. Bh3 Rcd8 23. f5 Nf4 24. Bf1 Rd5 25. Rac1 Rxf5 26. Rxc5 Nxe2+ 27. Bxe2 Rxc5 28. Rxc5 Rxe2 29. Nxd4 Re1+ 30. Kg2 Bxd3 31. f3 Re7 32. Kf2 Kf7 33. a4 Rb7 34. Ke3 Ba6 35. Rc6 Re7+ 36. Kd2 Bb7 37. Rc5 g5 38. a5 Kg6 39. Nc6 Bxc6 40. Rxc6 Kf5 41. Rc4 h5 42. h3 Re5 43. Ra4 a6 44. Kd3 Rb5 45. Ke3 Rb2 46. h4 Rb3+ 47. Kf2 g4 48. fxg4+ hxg4 49. Rc4 Rh3 50. Rc5+ Kg6 51. Rc6 Rxh4 52. Rxa6 Kg5 53. Rb6 f5 54. a6 Rh2+ 55. Kg1 Ra2 56. Rc6 f4 0-1

[Event "Liepajas Rokade op"]
[Site "Liepaja"]
[Date "2018.08.03"]
[Round "8"]
[White "Tokranovs, Dmitrijs"]
[Black "Kanep, Meelis"]
[Result "0-1"]
[WhiteElo "2291"]
[BlackElo "2441"]
[PlyCount "83"]
[EventDate "2018.08.02"]
[EventType "swiss (rapid)"]
[EventRounds "13"]
[EventCountry "LAT"]
[SourceTitle "CBM 185 Extra"]
[Source "ChessBase"]
[SourceDate "2018.07.29"]
[SourceVersion "1"]
[SourceVersionDate "2018.07.29"]
[SourceQuality "1"]

1. e4 g6 2. g3 c5 3. Bg2 Bg7 4. Ne2 Nc6 5. c3 e5 6. d3 Nge7 7. Be3 d6 8. Nd2 0-0 9. 0-0 b6 10. f4 d5 11. fxe5 Nxe5 12. Nf3 Ng4 13. Bf4 dxe4 14. dxe4 Ba6 15. Re1 Nc6 16. Qa4 Qc8 17. Bd6 Re8 18. Nf4 Nge5 19. Nxe5 Bxe5 20. Rad1 Bxd6 21. Rxd6 Ne5 22. Red1 Bb7 23. Nd5 Bxd5 24. exd5 c4 25. Rf6 Qc5+ 26. Rd4 Kg7 27. Rf1 Qd6 28. Qc2 Re7 29. b3 b5 30. bxc4 Nxc4 31. Qf2 Rae8 32. Qf4 Qxf4 33. Rfxf4 Nd6 34. a4 a6 35. axb5 axb5 36. Rd2 Re3 37. Rc2 Rc8 38. Ra2 Rexc3 39. Ra6 Rc1+ 40. Bf1 Rd8 41. Rb6 Rd1 42. Rb4 0-1

[Event "Liepajas Rokade op"]
[Site "Liepaja"]
[Date "2018.08.02"]
[Round "5"]
[White "Zatonskih, Anna"]
[Black "Tokranovs, Dmitrijs"]
[Result "1-0"]
[WhiteElo "2431"]
[BlackElo "2291"]
[PlyCount "99"]
[EventDate "2018.08.02"]
[EventType "swiss (rapid)"]
[EventRounds "13"]
[EventCountry "LAT"]
[SourceTitle "CBM 185 Extra"]
[Source "ChessBase"]
[SourceDate "2018.07.29"]
[SourceVersion "1"]
[SourceVersionDate "2018.07.29"]
[SourceQuality "1"]

1. e4 d5 2. exd5 Nf6 3. d4 Nxd5 4. Nf3 g6 5. Be2 Bg7 6. 0-0 0-0 7. Na3 Nc6 8. Re1 Bg4 9. h3 Bf5 10. c3 a6 11. Nc4 b5 12. Nce5 Nxe5 13. Nxe5 f6 14. Nd3 e5 15. Bf3 Bxd3 16. Qxd3 c6 17. dxe5 fxe5 18. Bd2 Nf4 19. Qxd8 Raxd8 20. Be3 Nxh3+ 21. Kh2 Nf4 22. Bxc6 Nd3 23. Re2 Nf4 24. Rc2 Nd5 25. Bxd5+ Rxd5 26. a4 Rc8 27. axb5 axb5 28. Ra5 e4 29. g3 Bf6 30. Kg2 Bd8 31. Ra7 Bg5 32. Bxg5 Rxg5 33. Re7 Rg4 34. Re2 Rc4 35. Rd2 Rc8 36. Rdd7 h5 37. Rb7 Rg5 38. Rxe4 Rd5 39. Re6 Rg5 40. f4 Rg4 41. Kh3 Rd8 42. Ree7 Kf8 43. Rf7+ Kg8 44. Rfc7 Re8 45. Rxb5 Rd8 46. Rbb7 Re8 47. b4 Rd8 48. b5 g5 49. Rg7+ Kf8 50. Rxg5 1-0

[Event "Baltic zt I Stage"]
[Site "Tallinn"]
[Date "2018.05.14"]
[Round "1"]
[White "Ladva, Ottomar"]
[Black "Tokranovs, Dmitrijs"]
[Result "1/2-1/2"]
[WhiteElo "2517"]
[BlackElo "2337"]
[PlyCount "71"]
[EventDate "2018.05.14"]
[EventType "swiss"]
[EventRounds "9"]
[EventCountry "EST"]
[SourceTitle "CBM 184 Extra"]
[Source "ChessBase"]
[SourceDate "2018.06.28"]
[SourceVersion "1"]
[SourceVersionDate "2018.06.28"]
[SourceQuality "1"]

1. Nf3 d5 2. g3 Bg4 3. Bg2 c6 4. c4 e6 5. h3 Bxf3 6. Bxf3 dxc4 7. Qc2 Nd7 8. Qxc4 Ne5 9. Qb3 Nxf3+ 10. Qxf3 Nf6 11. Nc3 Be7 12. 0-0 Nd5 13. d3 0-0 14. Bd2 Qd7 15. Rfc1 Nxc3 16. Bxc3 Rfd8 17. b4 Qd5 18. Qg4 g6 19. h4 Bf8 20. Bf6 Bg7 21. Rc5 Qd6 22. Bxg7 Kxg7 23. a4 a6 24. Rc4 Qe5 25. Rb1 h5 26. Qf3 Rd4 27. Rc2 Rad8 28. b5 axb5 29. axb5 cxb5 30. Qxb7 Rb8 31. Qe7 Ra4 32. Rc7 Qf6 33. Qd6 Rd8 34. Qb6 Ra2 35. Kf1 Rd5 36. Ra7 1/2-1/2

[Event "LAT-ch"]
[Site "Riga"]
[Date "2018.05.01"]
[Round "3"]
[White "Stabulnieks, Klavs"]
[Black "Tokranovs, Dmitrijs"]
[Result "1-0"]
[WhiteElo "2174"]
[BlackElo "2337"]
[PlyCount "115"]
[EventDate "2018.04.30"]
[EventType "swiss"]
[EventRounds "9"]
[EventCountry "LAT"]
[SourceTitle "CBM 184 Extra"]
[Source "ChessBase"]
[SourceDate "2018.06.28"]
[SourceVersion "1"]
[SourceVersionDate "2018.06.28"]
[SourceQuality "1"]

1. d4 Nf6 2. c4 e6 3. Nc3 Bb4 4. f3 c5 5. d5 d6 6. e4 0-0 7. Nge2 b5 8. Nf4 e5 9. Nfe2 bxc4 10. Ng3 Nbd7 11. Be2 a5 12. 0-0 Bxc3 13. bxc3 a4 14. a3 Qa5 15. Qe1 Re8 16. Nf5 Ra6 17. Bg5 h6 18. Bxh6 g6 19. Ne3 Nb6 20. Rb1 Bd7 21. Qd2 Raa8 22. Nxc4 Nxc4 23. Bxc4 Reb8 24. Rb2 Rb6 25. Rfb1 Rab8 26. Rxb6 Rxb6 27. Rxb6 Qxb6 28. Kf2 Ne8 29. g4 f6 30. h4 Nc7 31. Kg3 Kf7 32. Qc2 Bb5 33. Qb2 Qa6 34. Ba2 Ke7 35. Be3 Be2 36. h5 gxh5 37. gxh5 Qd3 38. Kf2 Bd1 39. Bb1 Qb5 40. Bc1 Bb3 41. h6 Qe8 42. Ke1 Nb5 43. Bd3 c4 44. Bf1 Qh5 45. Qf2 Nxc3 46. Qa7+ Ke8 47. Bg2 Qh4+ 48. Kf1 Bc2 49. Qa8+ Ke7 50. Qb7+ Kd8 51. Qb6+ Ke8 52. Qc6+ Kf7 53. Qxc4 Bxe4 54. fxe4 Qg3 55. Bd2 Nd1 56. Qe2 Nb2 57. Qf3 Qh4 58. Qh3 1-0

[Event "EU-ch 19th"]
[Site "Batumi"]
[Date "2018.03.19"]
[Round "3"]
[White "Moiseenko, Vadim"]
[Black "Tokranovs, Dmitrijs"]
[Result "1-0"]
[WhiteElo "2552"]
[BlackElo "2375"]
[PlyCount "107"]
[EventDate "2018.03.17"]
[EventType "swiss"]
[EventRounds "11"]
[EventCountry "GEO"]
[SourceTitle "CBM 184"]
[Source "ChessBase"]
[SourceDate "2018.05.16"]
[SourceVersion "1"]
[SourceVersionDate "2018.05.16"]
[SourceQuality "1"]

1. e4 e5 2. Nf3 Nc6 3. Nc3 Nf6 4. h3 Bb4 5. Bd3 Bxc3 6. dxc3 d5 7. exd5 Qxd5 8. Qe2 Be6 9. Bb5 0-0-0 10. Be3 a6 11. Ba4 Qe4 12. Bb3 Bxb3 13. axb3 Nd5 14. Ra4 Qf5 15. 0-0 f6 16. b4 Nf4 17. Bxf4 Qxf4 18. Rfa1 Qf5 19. Nh4 Qe6 20. b5 axb5 21. Qxb5 Rd6 22. Ra7 Kd7 23. Rxb7 Rd5 24. Qc4 Ra8 25. Re1 g6 26. Nf3 Qd6 27. Rb5 Rxb5 28. Qxb5 Ra5 29. Qc4 Rd5 30. Qe2 Ke7 31. b4 Qd7 32. b5 Nd8 33. c4 Rd6 34. c5 Rd5 35. c4 Rxc5 36. Nd2 e4 37. Nxe4 Re5 38. Qe3 Kf7 39. Qh6 Rh5 40. Qf4 Rf5 41. Qg4 Ne6 42. Qd1 Qxd1 43. Rxd1 Ke7 44. f3 Re5 45. Nc3 Rc5 46. Nd5+ Kf7 47. Ne3 f5 48. Rd7+ Kf6 49. Rxh7 Nf8 50. Rxc7 Rxc7 51. Nd5+ Ke5 52. Nxc7 Kd6 53. Na6 Nd7 54. f4 1-0